Heron Maple House Ltd v Central Estates Ltd (Record no. 69917)
[ view plain ]
| 000 -LEADER | |
|---|---|
| fixed length control field | 01766cam a2200241 4500 |
| 001 - CONTROL NUMBER | |
| control field | ABS65271 |
| 008 - FIXED-LENGTH DATA ELEMENTS--GENERAL INFORMATION | |
| fixed length control field | 020404n2002 000 0 eng u |
| 035 ## - SYSTEM CONTROL NUMBER | |
| System control number | (Sirsi) u117353 |
| 245 ## - TITLE STATEMENT | |
| Title | Heron Maple House Ltd v Central Estates Ltd |
| 260 ## - PUBLICATION, DISTRIBUTION, ETC. | |
| Date of publication, distribution, etc. | 2002 |
| 490 ## - SERIES STATEMENT | |
| Series statement | Estates Gazette Law Reports |
| Volume/sequential designation | [2002] 13 EG 102-106(5) |
| 520 ## - SUMMARY, ETC. | |
| Summary, etc. | CLCC 21 December 2001. The claimant H was freehold owner of a large building that contained, on its upper floors, a mixture of office, domestic and commercial accommodation. The domestic accommodation contained a number of flats. The defendant (C) held a headlease of the plant room,lifts, flats and the hallways, staircases and roof of the building. The part 20 defendants, Camden LBC held an underlease of substantially the same premises as demised by the headlease. Camden had demised the flats to individual occupier tenants. Both leases contained service charge clauses. In 1999 H carried out repairs, and contended that £17665 was due from the tenants. C had not produced estimates or a consultation exercise required by Landlord and Tenant Act 1985 s20. H contended this was the first time they had heard of the works, or their cost, and sought a declaration that section 20 did not apply. Both Central and Camden argued that as the demised properties contained flats, section 20 did apply. "Held", section 20 applied to the tenancies created by the headlease and underlease respectively. |
| 590 ## - LOCAL NOTE (RLIN) | |
| Local note | ABS |
| 650 ## - SUBJECT ADDED ENTRY--TOPICAL TERM | |
| Topical term or geographic name entry element | SERVICE CHARGES |
| 650 ## - SUBJECT ADDED ENTRY--TOPICAL TERM | |
| Topical term or geographic name entry element | LANDLORD AND TENANT ACT 1985 S20 |
| 650 ## - SUBJECT ADDED ENTRY--TOPICAL TERM | |
| Topical term or geographic name entry element | HERON MAPLE HOUSE LTD V CENTRAL ESTATES LTD |
| 650 ## - SUBJECT ADDED ENTRY--TOPICAL TERM | |
| Topical term or geographic name entry element | FLATS |
| 650 ## - SUBJECT ADDED ENTRY--TOPICAL TERM | |
| Topical term or geographic name entry element | DEMISED PREMISES |
| 650 ## - SUBJECT ADDED ENTRY--TOPICAL TERM | |
| Topical term or geographic name entry element | UNDERLEASES |
| 650 ## - SUBJECT ADDED ENTRY--TOPICAL TERM | |
| Topical term or geographic name entry element | HEADLEASES |
| 690 ## - LOCAL SUBJECT ADDED ENTRY--TOPICAL TERM (OCLC, RLIN) | |
| Topical term or geographic name as entry element | LANDLORD AND TENANT-LEASES-CASE LAW |
| 942 ## - ADDED ENTRY ELEMENTS (KOHA) | |
| Suppress in OPAC | 0 |
| Withdrawn status | Lost status | Source of classification or shelving scheme | Damaged status | Not for loan | Home library | Current library | Shelving location | Date acquired | Total Checkouts | Full call number | Barcode | Date last seen | Copy number | Price effective from | Koha item type |
|---|---|---|---|---|---|---|---|---|---|---|---|---|---|---|---|
| Dewey Decimal Classification | London | London | Journal article | 04/04/2002 | ABS65271 | 117353-1001 | 06/08/2019 | 1 | 06/08/2019 | Law report |